Internet a možnosti jeho využitia v medicíne

Bibliographic Details
Main Authors: Baláž, J. (rehabilitácia) (Author), Palát, Miroslav, 1927-2014 (Author)
Format: Article
Language:Slovak
PhysicalDescription:Obr., tab.
ISSN:1210-0366
Subjects:

MARC

LEADER 00000nab a2200000 a 4500
001 vtls000850053
003 SK-MaSNL
005 20260304120003.0
008 250429c2002 xo 0 slo
015 |a SNBRB2003/10-30090 
035 |a CLN000201708 
035 |a urn:nbn:sk:snk-ab7anp 
035 |a (uuid)7e499477-b7a2-46b7-9073-a692ccb014b3 
035 |a (urnnbn)urn:nbn:sk:snk:ar-a07dt2 
035 |a (sysno)vtls000850053 
040 |a SNKBUCL  |b slo  |c SNKBUCL  |e AACR2 
041 0 |a slo 
044 |a xo  |c SK 
080 |a 61:004.738.5  |2 1997 
080 |a 004.738.5:61  |2 1997 
100 1 |a Baláž, J.  |c (rehabilitácia)  |4 aut  |9 1121943 
245 1 0 |a Internet a možnosti jeho využitia v medicíne  |c J. Baláž, M. Palát 
300 |b Obr., tab. 
504 |a Bibliogr. odkazy 
504 |a Res. slov., angl. 
650 0 7 |a medicína  |x internet  |2 snkbucl  |9 1423224 
650 0 7 |a internet  |x medicína  |2 snkbucl  |9 1057551 
655 7 |a články z novín a časopisov  |2 snkbucl  |9 267496 
700 1 |a Palát, Miroslav,  |d 1927-2014  |4 aut  |9 203087 
773 0 |t Eurorehab  |g Roč. 12, č. 4 (2002), s. 211-216  |x 1210-0366 
850 |a Slovenská národná knižnica 
852 |a Slovenská národná knižnica 
954 |a odborná, vedecká literatúra pôvodná (slovenská)  |2 lita 
958 |a article27 
958 |a OND 
958 |a MI 
958 |a NB 
958 |a EUIPO 
992 |a RBX 
999 |c 2878253  |d 2880183